| 000 | 01324nam a22003017a 4500 | ||
|---|---|---|---|
| 005 | 20240530110513.0 | ||
| 008 | 151216s2013 ua g b 000 0 ara d | ||
| 017 |
_a2012/8573 _bمصر . دار الكتب المصرية |
||
| 020 | _a9789773279671 | ||
| 040 | _aEG-CaGPL | ||
| 082 | 0 | 4 |
_221 _a321\ _bم م |
| 100 | 0 | _aمحمد مرسى على غنيم | |
| 245 | 1 | 2 |
_aالمسئولية السياسية و الجنائية لرئيس الدولة / _cمحمد مرسى على غنيم |
| 250 | _aط1 | ||
| 260 |
_aالاسكندرية : _bمكتبة الوفاء القانونية ، _c2013 . |
||
| 300 |
_a607 ص ؛ _c24 سم . |
||
| 504 | _aيشتمل على ارجاعات ببليوجرافية | ||
| 650 | 0 | 4 |
_aرؤساء الجمهورية _xصلاحيات |
| 650 | 0 | 4 |
_aرؤساء الجمهورية _xاستغلال السلطة |
| 650 | 0 | 4 |
_aرؤساء الجمهورية _xالمسئولية الجنائية |
| 650 | 0 | 4 |
_aرؤساء الجمهورية _xالمسئولية الدولية |
| 651 | 0 | 4 |
_aالولايات المتحدة الامريكية _xرؤساء الجمهورية |
| 651 | 0 | 4 |
_aفرنسا _xرؤساء الجمهورية |
| 651 | 0 | 4 |
_aبريطانيا _xالملوك |
| 651 | 0 | 4 |
_aسويسرا _xالملوك |
| 942 |
_2ddc _cBK |
||
| 999 |
_c61720 _d61720 |
||